Joy of photography (Record no. 36261)

MARC details
000 -LEADER
fixed length control field 00256nam a2200109Ia 4500
082 ## - DEWEY DECIMAL CLASSIFICATION NUMBER
Classification number 077
Item number WIN
100 ## - MAIN ENTRY--AUTHOR NAME
Personal name Winwar, D
245 #0 - TITLE STATEMENT
Title Joy of photography
260 ## - PUBLICATION, DISTRIBUTION, ETC. (IMPRINT)
Place of publication Philippines
Name of publisher Eastman
Year of publication 1979
942 ## - ADDED ENTRY ELEMENTS (KOHA)
Koha item type Books
Holdings
Withdrawn status Lost status Damaged status Not for loan Home library Current library Date acquired Cost, normal purchase price Full call number Accession Number Koha item type
        RRII Library RRII Library 16/12/2021 12.00 077 WIN 16672 Books